|
|
|
|
| LEADER |
01760nam a2200469 a 4500 |
| 001 |
nkc20112268153 |
| 003 |
CZ PrNK |
| 005 |
20120202082147.0 |
| 007 |
ta |
| 008 |
120106s2008 xr a e f 001 0 cze |
| 015 |
|
|
|a cnb002268153
|
| 020 |
|
|
|a 978-80-251-3474-0
|q (v knize neuvedeno ;
|q brož.)
|z 978-80-251-1709-5
|
| 035 |
|
|
|a (OCoLC)776516560
|
| 040 |
|
|
|a ABA001
|b cze
|
| 072 |
|
7 |
|a 629
|x Dopravní prostředky
|2 Konspekt
|9 19
|
| 080 |
|
|
|a 629.331
|2 MRF
|
| 080 |
|
|
|a 629.331.4
|2 MRF
|
| 080 |
|
|
|a 629.083
|2 MRF
|
| 080 |
|
|
|a (035)
|2 MRF
|
| 100 |
1 |
|
|a Nestrojil, Karel
|7 xx0002911
|4 aut
|4 pht
|
| 245 |
1 |
0 |
|a Renovace a opravy automobilů :
|b praktická příručka pro kompletní renovaci vozidla /
|c Karel Nestrojil
|
| 246 |
3 |
0 |
|a Praktická příručka pro kompletní renovaci vozidla
|
| 250 |
|
|
|a Vyd. 5.
|
| 260 |
|
|
|a Brno :
|b Computer Press,
|c 2008
|
| 300 |
|
|
|a 256 s. :
|b il. (některé barev.) ;
|c 23 cm
|
| 490 |
1 |
|
|a Oldtimer
|
| 500 |
|
|
|a Obsahuje rejstřík
|
| 650 |
0 |
7 |
|a osobní automobily
|7 ph115616
|2 czenas
|
| 650 |
0 |
7 |
|a historická vozidla
|7 ph120723
|2 czenas
|
| 650 |
0 |
7 |
|a opravy a údržba dopravních prostředků
|7 ph136664
|2 czenas
|
| 650 |
0 |
9 |
|a passenger cars
|2 eczenas
|
| 650 |
0 |
9 |
|a historical vehicles
|2 eczenas
|
| 650 |
0 |
9 |
|a vehicle maintenance and repair
|2 eczenas
|
| 655 |
|
7 |
|a příručky
|7 fd133209
|2 czenas
|
| 655 |
|
9 |
|a handbooks and manuals
|2 eczenas
|
| 830 |
|
0 |
|a Oldtimer
|0 s
|
| 856 |
4 |
1 |
|u http://www.digitalniknihovna.cz/mzk/uuid/uuid:ea6300d0-d909-11e8-a5a4-005056827e52
|y Digitalizovaný dokument
|x NDK
|
| 910 |
2 |
|
|a BOA001
|b 2-1279.154
|
| 990 |
|
|
|a BK
|
| 995 |
|
|
|a 01
|
| 991 |
|
|
|b 201202
|c NOV
|j 629.33 NES
|e n
|
| 996 |
6 |
|
|b 2610500105
|c 2-1279.154
|l MZK
|r Sklad / do 1 hodiny
|n 2
|p p.v.
|w 001224047
|u 000010
|a 1
|e BOA001
|j MZK50
|s P
|